000 00417nam a22001217a 4500
999 _c10223
_d10223
003 OSt
008 201218b ||||| |||| 00| 0 eng d
245 _aIETE Journal of Research
250 _a2017(Jan-Feb Vol.63 No.1, Mar-Apr Vol.63 No.2, May-Jun Vol.63 No.3)
260 _aNew Delhi
_bInstitution of Electronics and Telecommunication Engineers
650 _aElectronics and Communication Engineering
942 _2ddc
_cBV